अमेरिकन चित्रपटसृष्टी (Record no. 111230)

MARC details
000 -LEADER
fixed length control field 00623nam a2200193Ia 4500
008 - FIXED-LENGTH DATA ELEMENTS--GENERAL INFORMATION
fixed length control field 090124s9999 xx 000 0 und d
020 ## - INTERNATIONAL STANDARD BOOK NUMBER
International Standard Book Number 81-7828-062-0
082 ## - DEWEY DECIMAL CLASSIFICATION NUMBER
Item number 45010
100 ## - MAIN ENTRY--PERSONAL NAME
Personal name घाटे निरंजन
245 ## - TITLE STATEMENT
Title अमेरिकन चित्रपटसृष्टी
250 ## - EDITION STATEMENT
Edition statement 1
260 ## - PUBLICATION, DISTRIBUTION, ETC. (IMPRINT)
Date of publication, distribution, etc 2006
300 ## - PHYSICAL DESCRIPTION
Extent 136
600 ## - SUBJECT ADDED ENTRY--PERSONAL NAME
Personal name घाटे निरंजन
630 ## - SUBJECT ADDED ENTRY--UNIFORM TITLE
Uniform title अमेरिकन चित्रपटसृष्टी
700 ## - ADDED ENTRY--PERSONAL NAME
Personal name घाटे निरंजन
730 ## - ADDED ENTRY--UNIFORM TITLE
Uniform title अमेरिकन चित्रपटसृष्टी
942 ## - ADDED ENTRY ELEMENTS (KOHA)
Koha item type Book
Holdings
Withdrawn status Lost status Damaged status Not for loan Home library Current library Date acquired Cost, normal purchase price Total Checkouts Full call number Barcode Date last seen Cost, replacement price Price effective from Koha item type
        Nagar Wachan Mandir, Thane Nagar Wachan Mandir, Thane   120.00   45010 THNNWM-45010 01/24/2009 120.00 01/24/2009 Book